000
00287pam a2200121 a 4500
020
_c
041
_a
eng
100
_a
Edward Parker.
245
_a
Longer Poem Of The 19th Century 1800-1850
_h
Textual Documents
260
_a
[s.l]:
_b
Blackie & Sons Ltd
300
_a
114p.
930
_a
16306
999
_c
93206
_d
93206